Statistiques concernant Pays commençant par E

Cliquez ici pour prendre le quiz!

Statistiques générales

  • Ce quiz a été pris 420 fois
  • Le résultat moyen est 7 sur 9

Statistiques - réponses

Pays% Correct
Estonie
91%
Éthiopie
85%
Espagne
83%
Érythrée
82%
Etats-Unis
79%
Équateur
77%
Égypte
67%
Émirats arabes unis
66%
Eswatini
58%

Distribution des résultats

Percentile par nombre de réponses

% des personnes avec chaque résultat

Votre développement - résultats

Vous n’avez pas pris ce quiz